| 000 | 00984nam a22002657a 4500 | ||
|---|---|---|---|
| 001 | 106 | ||
| 003 | BD-RjUL | ||
| 005 | 20211208233120.0 | ||
| 008 | 131107r20011996i d | |||| 001 0 eng d | ||
| 020 | _a8120314670 | ||
| 035 | _a(BD-RjUL)117 | ||
| 040 |
_aBD-RjUL _beng _cBD-RjUL |
||
| 041 | _aeng | ||
| 082 |
_219 _a005.265 _bBRP 2001 |
||
| 100 | 1 |
_aBrey, Barry B. _9350 |
|
| 245 | 1 |
_aProgramming the 80286, 80386, 80486, and pentium-based personal computer/ _cBarry B. Brey. |
|
| 250 | _aEastern Economy Edition | ||
| 260 |
_aNew Delhi : _bPrentice-Hall, _cc1996 [reprinted 2001]. |
||
| 300 |
_ax, 781 p. : _bill. ; _c25 cm. + |e 1 computer disk (3 1/2 in.) |
||
| 504 | _aIncludes indexes. | ||
| 526 | _bComputer Science | ||
| 650 | 7 |
_2SLSH _aIntel 80xxx series microprocessors -- Programming. _9351 |
|
| 856 | 4 |
_3Worldcat _uhttp://www.worldcat.org/title/programming-the-80286-80386-80486-and-pentium-based-personal-computer/oclc/32779362&referer=brief_results |
|
| 942 |
_2ddc _cBK |
||
| 999 |
_c106 _d106 |
||